00753nam a22002177a 450000500170000001000270001702000260004402000260007003500130009603500170010903700170012603700130014308200110015624501630016725000110033026000420034127000600038330000260044350000210046950000450049020150421111217.0 aBAC-EN21 ENG-111694 a9789350354445c215.00 a9789350354933c215.00 aEN-95226 aB-593569-594 bUBH/Venadpl bDBAD/PUB a348.54 aUniversal's landmark judgments :bcovering more than 90 leading cases of India including prescribed cases for Supreme Court advocates -on- record examination  a8th ed aDelhibUniversal Law Publishingc2014 aA-58, G.T. Karnal Road Industrial Area, bDelhie110033 axvii,196p.c24cm(pbk) aIncludes indexes aSupply received revised price Rs. 225.00